Loading...

Effective Teaching with internet technologies Pedagogy and practice

Bibliographic Details
Main Author: Alan Pritchard
Format: Printed Book
Published: London Paul Chapman publishing 2007
Subjects:
Online Access:https://books.google.co.in/books?id=KFF4tgAACAAJ&dq=9781412930949&hl=en&sa=X&ved=0ahUKEwjopf375MbnAhVbyzgGHcZAB8UQ6AEIKDAA
LEADER 00688nam a22001577a 4500
999 |c 193348  |d 193344 
020 |a   
082 |a 372.41  |b P7 
100 |a Alan Pritchard  |9 187410 
245 |a Effective Teaching with internet technologies  |b Pedagogy and practice 
260 |a London  |b Paul Chapman publishing  |c 2007 
300 |a 132p 
650 |a Computer-assisted instruction,Internet in education--Study and teaching  |9 187411 
856 |u https://books.google.co.in/books?id=KFF4tgAACAAJ&dq=9781412930949&hl=en&sa=X&ved=0ahUKEwjopf375MbnAhVbyzgGHcZAB8UQ6AEIKDAA 
942 |c BK 
952 |0 0  |1 0  |4 0  |6 372_410000000000000_P7  |7 0  |9 193817  |a SPS  |b SPS  |d 2020-02-10  |l 0  |o 372.41 P7  |p SPS04882  |r 2020-02-10  |w 2020-02-10  |y BK